[Event "23rd Alekhine Master 2019"]
[Site "Voronezh"]
[Date "2019.06.20"]
[Round "8.13"]
[White "Harutjunyan, Gevorg"]
[Black "Afanasiev, Nikita"]
[Result "1/2-1/2"]
[WhiteElo "2446"]
[BlackElo "2524"]
[Annotator "ChessBase"]
[PlyCount "94"]
[EventDate "2019.06.12"]
[EventType "swiss"]
[EventCountry "RUS"]
[SourceTitle "playchess.com"]
[Source "ChessBase"]
[SourceQuality "1"]
[TimeControl "40/5400+30:1800+30"]

1. e4 {[%emt 0:00:00]} e5 {[%emt 0:09:26]} 2. Bc4 {[%emt 0:00:00]} Nf6 {[%emt 0:01:02]} 3. d3 {[%emt 0:00:07]} c6 {[%emt 0:00:46]} 4. Nf3 {[%emt 0:00:23]} d5 {[%emt 0:00:14]} 5. Bb3 {[%emt 0:00:13]} Bb4+ {[%emt 0:00:41]} 6. Bd2 {[%emt 0:00:58]} Bxd2+ {[%emt 0:29:11]} 7. Qxd2 {[%emt 0:00:18]} dxe4 {[%emt 0:00:08]} 8. Nxe5 {[%emt 0:07:04]} O-O {[%emt 0:00:25]} 9. d4 {[%emt 0:02:52]} Nbd7 {[%emt 0:01:02]} 10. Nc3 {[%emt 0:02:35]} Qc7 {[%emt 0:08:43]} 11. Qg5 {[%emt 0:04:06]} h6 {[%emt 0:04:03]} 12. Qg3 {[%emt 0:03:50]} Nxe5 {[%emt 0:01:15]} 13. Qxe5 {[%emt 0:02:07]} Qd8 {[%emt 0:01:13]} 14. O-O-O {[%emt 0:00:35]} Re8 {[%emt 0:00:13]} 15. Qf4 {[%emt 0:02:33]} Be6 {[%emt 0:01:29]} 16. Rhe1 {[%emt 0:09:45]} Bxb3 {[%emt 0:06:47]} 17. axb3 {[%emt 0:00:09]} Qa5 {[%emt 0:00:05]} 18. Kb1 {[%emt 0:03:01]} Nd5 {[%emt 0:04:26]} 19. Nxd5 {[%emt 0:07:59]} cxd5 {[%emt 0:00:20]} 20. f3 {[%emt 0:07:59]} Re6 {[%emt 0:12:21]} 21. c3 {[%emt 0:10:26]} Rf6 {[%emt 0:08:22]} 22. Qe5 {[%emt 0:03:53]} Re6 {[%emt 0:01:37]} 23. Qf4 {[%emt 0:07:05]} Rf6 {[%emt 0:00:46]} 24. Qe5 {[%emt 0:00:51]} Re6 {[%emt 0:02:07]} 25. Qf4 {[%emt 0:01:48]} Rae8 {[%emt 0:01:57]} 26. fxe4 {[%emt 0:00:49]} Qb5 {[%emt 0:00:04]} 27. Qf1 {[%emt 0:05:12]} Qxf1 {[%emt 0:00:56]} 28. Rxf1 {[%emt 0:00:03]} Rxe4 {[%emt 0:00:08]} 29. Kc2 {[%emt 0:03:14]} g6 {[%emt 0:00:53]} 30. Rd2 {[%emt 0:00:47]} f5 {[%emt 0:00:52]} 31. Ra1 {[%emt 0:00:42]} a6 {[%emt 0:00:06]} 32. Ra5 {[%emt 0:00:29]} Rd8 {[%emt 0:00:04]} 33. b4 {[%emt 0:05:15]} Rd6 {[%emt 0:00:24]} 34. b5 {[%emt 0:03:46]} axb5 {[%emt 0:00:25]} 35. Rxb5 {[%emt 0:00:20]} b6 {[%emt 0:00:10]} 36. Kd3 {[%emt 0:00:33]} Kf7 {[%emt 0:00:33]} 37. Re2 {[%emt 0:00:50]} Rxe2 {[%emt 0:03:43]} 38. Kxe2 {[%emt 0:00:04]} Ke7 {[%emt 0:00:06]} 39. Rb3 {[%emt 0:01:15]} Kd7 {[%emt 0:00:40]} 40. Ra3 {[%emt 0:00:00]} Re6+ {[%emt 0:00:00]} 41. Kd3 {[%emt 0:07:55]} f4 {[%emt 0:14:54]} 42. Ra7+ {[%emt 0:03:30]} Kc6 {[%emt 0:12:51]} 43. Rf7 {[%emt 0:02:47]} g5 {[%emt 0:00:05]} 44. Rf5 {[%emt 0:03:27]} Kd6 {[%emt 0:01:18]} 45. Kd2 {[%emt 0:01:17]} Re4 {[%emt 0:00:18]} 46. Rf6+ {[%emt 0:02:17]} Re6 {[%emt 0:00:09]} 47. Rf5 {[%emt 0:00:51]} Re4 {[%emt 0:00:04]} 1/2-1/2

[Event "23rd Alekhine Master 2019"]
[Site "Voronezh"]
[Date "2019.06.20"]
[Round "8.14"]
[White "Ulko, Jaroslav"]
[Black "Rios, Cristhian Camilo"]
[Result "0-1"]
[WhiteElo "2438"]
[BlackElo "2513"]
[Annotator "ChessBase"]
[PlyCount "74"]
[EventDate "2019.06.12"]
[EventType "swiss"]
[EventCountry "RUS"]
[SourceTitle "playchess.com"]
[Source "ChessBase"]
[SourceQuality "1"]
[TimeControl "40/5400+30:1800+30"]

1. e4 {[%emt 0:02:02]} c5 {[%emt 0:00:00]} 2. Nf3 {[%emt 0:00:07]} Nc6 {[%emt 0:00:00]} 3. d3 {[%emt 0:01:30]} g6 {[%emt 0:00:58]} 4. g3 {[%emt 0:00:08]} Bg7 {[%emt 0:01:24]} 5. Bg2 {[%emt 0:00:19]} e5 {[%emt 0:00:53]} 6. O-O {[%emt 0:00:15]} Nge7 {[%emt 0:00:16]} 7. Nc3 {[%emt 0:00:27]} O-O {[%emt 0:00:54]} 8. Nd2 {[%emt 0:00:16]} d6 {[%emt 0:00:49]} 9. Nc4 {[%emt 0:00:06]} Be6 {[%emt 0:00:22]} 10. Nd5 {[%emt 0:01:32]} f5 {[%emt 0:06:17]} 11. a4 {[%emt 0:02:26]} Kh8 {[%emt 0:05:22]} 12. c3 {[%emt 0:07:12]} Bg8 {[%emt 0:00:59]} 13. f4 {[%emt 0:06:17]} Qd7 {[%emt 0:07:13]} 14. Be3 {[%emt 0:03:13]} Nxd5 {[%emt 0:04:19]} 15. exd5 {[%emt 0:00:24]} Ne7 {[%emt 0:00:07]} 16. fxe5 {[%emt 0:01:59]} Nxd5 {[%emt 0:00:17]} 17. Bf2 {[%emt 0:32:41]} dxe5 {[%emt 0:01:40]} 18. Bxc5 {[%emt 0:00:03]} Rfd8 {[%emt 0:03:48]} 19. Qe2 {[%emt 0:00:43]} Qc7 {[%emt 0:01:25]} 20. Qf2 {[%emt 0:07:21]} b6 {[%emt 0:03:11]} 21. Ba3 {[%emt 0:00:52]} Rac8 {[%emt 0:00:08]} 22. Rfe1 {[%emt 0:00:51]} e4 {[%emt 0:14:18]} 23. dxe4 {[%emt 0:05:35]} Nf6 {[%emt 0:00:17]} 24. Nd6 {[%emt 0:11:25]} Ng4 {[%emt 0:00:44]} 25. Qd2 {[%emt 0:00:03]} Be5 {[%emt 0:10:03]} 26. Rad1 {[%emt 0:01:17]} Bb3 {[%emt 0:03:02]} 27. exf5 {[%emt 0:00:08]} Bxd1 {[%emt 0:01:01]} 28. Rxe5 {[%emt 0:04:34]} Nxe5 {[%emt 0:00:41]} 29. Qxd1 {[%emt 0:00:03]} Qg7 {[%emt 0:01:50]} 30. Qd4 {[%emt 0:04:01]} Rd7 {[%emt 0:03:52]} 31. fxg6 {[%emt 0:00:20]} Rf8 {[%emt 0:02:38]} 32. Nf7+ {[%emt 0:03:41]} Rfxf7 {[%emt 0:00:39]} 33. gxf7 {[%emt 0:00:06]} Rxd4 {[%emt 0:00:08]} 34. f8=Q+ {[%emt 0:00:04]} Qxf8 {[%emt 0:00:08]} 35. Bxf8 {[%emt 0:00:01]} Rd1+ {[%emt 0:00:34]} 36. Bf1 {[%emt 0:00:35]} Ng4 {[%emt 0:00:22]} 37. h3 {[%emt 0:01:57]} Ne3 {[%emt 0:00:08]} 0-1

[Event "23rd Alekhine Master 2019"]
[Site "Voronezh"]
[Date "2019.06.21"]
[Round "9.1"]
[White "Visakh N R"]
[Black "Nesterov, Arseniy"]
[Result "1-0"]
[WhiteElo "2518"]
[BlackElo "2423"]
[Annotator "TA"]
[PlyCount "67"]
[EventDate "2019.06.12"]
[EventType "swiss"]
[EventCountry "RUS"]
[SourceTitle "playchess.com"]
[Source "ChessBase"]
[SourceQuality "1"]

{[%evp 11,67,1,6,12,12,6,29,33,21,9,14,-9,-9,-20,-24,-28,-29,-24,15,-21,-6,-20,-19,-18,-25,-27,0,0,0,0,0,0,47,51,61,61,62,34,51,37,104,70,88,89,87,75,85,42,193,203,780,770,29979,29978,29980,29981,29976,29977]} 1. d4 d5 2. c4 c6 3. Nf3 Nf6 4. e3 Bg4 5. Qb3 Qb6 6. Nc3 e6 7. Nh4 {D11: Slav Defence: 3 Nf3 sidelines and 3...Nf6 4 e3 Bg4} Bh5 8. h3 g5 9. Nf3 {White has an edge.} h6 10. Ne5 (10. c5 {is more complex.} Qc7 11. Bd3 Bxf3 12. gxf3 Nbd7 13. Bd2) 10... Nfd7 11. Qxb6 $146 ({Predecessor:} 11. Nxd7 Nxd7 12. Bd3 Rg8 13. Qxb6 axb6 14. cxd5 {0-1 (52) Andersen,M (2410)-Sandipan,C (2641) Caleta 2011}) 11... axb6 12. Nxd7 Nxd7 13. cxd5 exd5 14. Bd3 Rg8 15. Ne2 Bd6 16. f3 Bg6 17. Bxg6 Rxg6 18. Kf2 O-O-O 19. g4 Rf8 20. Bd2 Re6 21. Rae1 Rfe8 22. h4 f6 23. a4 Nb8 24. b4 Na6 25. Rb1 c5 (25... b5 $14) 26. hxg5 hxg5 {[%cal Ra6b4]} 27. bxc5 bxc5 28. Rh7 b6 29. Nc3 Nb4 $2 {[#]} (29... Nc7 $1 $14) 30. Nb5 $18 {And now dxc5 would win.} Bb8 $2 (30... Nd3+ 31. Ke2 Nb4 32. Nxd6+ Rxd6 33. Bxb4 cxb4) 31. Bxb4 cxb4 32. Rc1+ {White mates.} Kd8 33. Rb7 Bd6 34. Na7 {Accuracy: White = 52%, Black = 32%.} 1-0

[Event "23rd Alekhine Master 2019"]
[Site "Voronezh"]
[Date "2019.06.21"]
[Round "9.2"]
[White "Maiorov, Nikita"]
[Black "Kryakvin, Dmitry"]
[Result "1/2-1/2"]
[WhiteElo "2527"]
[BlackElo "2586"]
[Annotator "TA"]
[PlyCount "21"]
[EventDate "2019.06.12"]
[EventType "swiss"]
[EventCountry "RUS"]
[SourceTitle "playchess.com"]
[Source "ChessBase"]
[SourceQuality "1"]

{[%evp 19,21,0,12,0]} 1. d4 d5 2. c4 c6 3. cxd5 cxd5 4. Nf3 Nf6 5. Nc3 Nc6 6. Bf4 Nh5 7. Bd2 Nf6 8. Bf4 Nh5 9. Bd2 Nf6 10. Bf4 Nh5 $146 11. Bd2 {D13: Slav Defence: Exchange variation without ...Bf5} 1/2-1/2

[Event "23rd Alekhine Master 2019"]
[Site "Voronezh"]
[Date "2019.06.21"]
[Round "9.3"]
[White "Pavlov, Sergey"]
[Black "Savchenko, Boris"]
[Result "0-1"]
[WhiteElo "2473"]
[BlackElo "2567"]
[Annotator "TA"]
[PlyCount "88"]
[EventDate "2019.06.12"]
[EventType "swiss"]
[EventCountry "RUS"]
[SourceTitle "playchess.com"]
[Source "ChessBase"]
[SourceQuality "1"]

{[%evp 13,88,0,0,0,0,0,19,0,0,0,0,-7,12,0,0,0,0,-3,-14,-21,-20,-44,-14,-42,-11,-21,-29,-29,-27,-62,-65,-67,-68,-50,-26,-54,-29,-33,-34,-31,-5,-33,-25,-45,-38,-56,-43,-64,-64,-86,-20,-128,99,83,94,93,277,0,0,0,0,0,70,62,64,-35,-43,-33,14,8,12,8,18,0,0,-1585,-1587]} 1. c4 e5 2. Nc3 Nf6 3. Nf3 Nc6 4. e3 Be7 5. d4 exd4 6. Nxd4 O-O 7. Be2 Bb4 8. O-O {A28: English Opening: Four Knights Variation} Bxc3 9. bxc3 Na5 10. Nb3 {The position is equal.} Nc6 11. Nd4 Qe7 12. f3 Ne5 13. Nf5 Qd8 14. Nd4 d6 15. e4 Re8 16. Bf4 Nfd7 {[#]} 17. Nb3 $146 ({Predecessor:} 17. Bg3 Ng6 18. Qc2 b6 19. Nc6 Qf6 {0-1 (42) Azmaiparashvili,Z (2676)-Anand,V (2757) Dubai 2002}) 17... Qe7 18. Be3 Ng6 19. Re1 b6 20. Bf1 Bb7 21. Qd2 f6 22. a4 a5 23. Nd4 Nc5 24. Qf2 Qf7 25. Nf5 Ne6 26. c5 bxc5 27. Bb5 Reb8 28. Qg3 Kh8 29. Bc4 Bc6 30. Red1 {White wants to play Nxd6.} Ngf8 31. Bf4 Qe8 (31... Nxf4 $17 32. Bxf7 Ne2+ {[%mdl 64] Double Attack} 33. Kf2 Nxg3 34. Kxg3 Ng6) 32. Rdb1 (32. Bxd6 $1 $11 {keeps the balance.} cxd6 33. Rxd6) 32... Bxa4 $2 {[#]} (32... Rxb1+ $17 33. Rxb1 Rb8) 33. Rxb8 $1 $16 Rxb8 {[#]} 34. Bxd6 $1 {[%mdl 512]} g6 $2 (34... Qd7 $16 {was worth a try.}) (34... cxd6 35. Nxd6) 35. Be5 $2 (35. Be7 $18 h5 36. Qh4) 35... Qd8 $1 $11 36. Nh6 {Nf7+ is the strong threat.} ({Avoid the trap} 36. Rxa4 $2 Rb1+ 37. Bf1 gxf5 $19) 36... Be8 37. Bf4 $1 a4 ({Better is} 37... Nxf4 $11 38. Qxf4 a4) 38. Be3 $14 {[%mdl 1024] White has compensation.} Rb2 39. Ng4 (39. Qe1 $14) 39... h5 40. Nf2 Qd6 41. Nd3 Rc2 42. Qe1 Nd7 {[%cal Bf8d7,Bd7e5,Be5f3][%mdl 32]} 43. Rd1 {And now Nb4 would win.} Ne5 44. Nxc5 $2 {[%mdl 8192] [#]} (44. Nxe5 $11 Qxe5 45. Bd3) 44... Nxf3+ $1 {[%mdl 576] Double Attack. Accuracy: White = 35%, Black = 50%.} 0-1

[Event "23rd Alekhine Master 2019"]
[Site "Voronezh"]
[Date "2019.06.21"]
[Round "9.4"]
[White "Utegaliyev, Azamat"]
[Black "Meshkovs, Nikita"]
[Result "1/2-1/2"]
[WhiteElo "2495"]
[BlackElo "2550"]
[Annotator "TA"]
[PlyCount "135"]
[EventDate "2019.06.12"]
[EventType "swiss"]
[EventCountry "RUS"]
[SourceTitle "playchess.com"]
[Source "ChessBase"]
[SourceQuality "1"]

{[%evp 14,135,28,0,1,0,20,14,17,5,27,14,20,18,31,31,29,27,32,32,27,0,0,0,0,0,0,0,54,0,0,0,0,0,0,0,4,-2,-8,-19,-2,-55,-34,-49,-16,-18,-16,-16,-16,-24,-22,-29,-9,-41,-22,-57,-43,-55,-43,-43,-30,-35,-20,-60,-46,-58,-21,-43,-33,-39,0,-29,0,0,0,0,0,8,9,0,0,0,12,0,0,0,0,0,0,0,0,0,12,0,24,0,0,0,0,0,0,0,0,0,0,0,0,0,0,0,0,0,0,0,0,0,0,0,0,0,0,0,0,0]} 1. e4 c5 2. Nf3 e6 3. d4 cxd4 4. Nxd4 Nc6 5. Nc3 Qc7 6. Be3 a6 7. a3 b5 8. Be2 Bb7 {B48: Sicilian: Taimanov: 5 Nc3 Qc7 6 Be3 a6 without Be2} 9. f4 Nxd4 (9... Rc8 10. O-O Bc5 11. Qd2 Qb6 12. Rfd1 Nge7 13. Kf2 Nxd4 14. Bxd4 d5 15. Bxc5 Qxc5+ 16. Kf1 {½-½ (46) Li,S (2508)-Yu,Y (2724) China 2015}) 10. Qxd4 Rc8 11. O-O Qc5 12. Bd3 $146 (12. Rad1 {feels hotter.} Qxd4 13. Bxd4 Ne7 14. Bf3 h5 15. Rd2) ({Predecessor:} 12. Qd2 Qxe3+ 13. Qxe3 Bc5 14. Kf2 Ne7 15. Bf3 Bxe3+ 16. Kxe3 {0-1 (53) Docx,S (2384)-Horvath,A (2505) Ohrid 2009}) 12... Qxd4 13. Bxd4 Bc5 14. Bxc5 Rxc5 15. Nb1 Nf6 16. Nd2 Ke7 17. c3 g5 18. a4 bxa4 19. Rxa4 gxf4 20. Rxf4 Rg8 (20... Rb8 $11) 21. Rb4 ({Better is} 21. Bxa6 $14 Bxa6 22. Rxa6) 21... Rc7 $11 22. Rc4 Bc6 23. Rc5 d6 24. Ra5 Bb7 25. g3 Rb8 26. Rf2 Ng4 27. Rf4 (27. Rf1 $11) 27... Ne5 $15 28. Bc2 Bc6 29. b3 Bb7 30. c4 Rc5 31. Ra1 Ng6 32. Rf2 a5 33. Nf3 Bc6 34. Raf1 Be8 35. h4 Ne5 36. Nxe5 dxe5 37. Ra1 Rb4 38. Kf1 Bc6 39. Ra2 Rb8 40. Rd2 Rg8 41. Kf2 h6 (41... f5 $5) 42. Ra3 Rf8 (42... f5 $5) 43. Bd3 f5 44. exf5 exf5 (44... e4 $5 45. Be2 $8 Rcxf5+ 46. Ke1 e3 $11) 45. Rda2 f4 46. gxf4 Rxf4+ 47. Ke1 a4 48. bxa4 Ra5 ({Much worse is} 48... Rxh4 49. a5 $16) 49. h5 Rh4 50. Be2 Be8 51. Kd2 Bf7 52. Rc2 Be8 53. Rb2 Bxh5 54. Rb5 Rxb5 {The position is equal.} 55. cxb5 {[#] Strongly threatening Bxh5.} Bxe2 56. Kxe2 $11 {[%mdl 4096] Endgame KR-KR} Rh2+ 57. Kd1 Rh1+ 58. Ke2 Rh2+ 59. Ke1 Rb2 60. Kd1 h5 61. Kc1 Rb4 62. a5 {[%cal Ba4a5,Ba5a6][%mdl 32] [#] Hoping for b6.} Rxb5 63. a6 {Black must now prevent a7.} Rb8 64. a7 Ra8 65. Ra6 Kd7 66. Rh6 Kc7 67. Rxh5 Rxa7 68. Rxe5 {Accuracy: White = 48%, Black = 64%.} 1/2-1/2

[Event "23rd Alekhine Master 2019"]
[Site "Voronezh"]
[Date "2019.06.21"]
[Round "9.5"]
[White "Shaposhnikov, Evgeny"]
[Black "Ruiz Castillo, Joshua Daniel"]
[Result "1-0"]
[WhiteElo "2572"]
[BlackElo "2472"]
[Annotator "TA"]
[PlyCount "108"]
[EventDate "2019.06.12"]
[EventType "swiss"]
[EventCountry "RUS"]
[SourceTitle "playchess.com"]
[Source "ChessBase"]
[SourceQuality "1"]

{[%evp 22,108,0,0,40,18,44,31,45,49,214,223,212,205,187,138,142,155,145,136,185,185,219,213,226,226,226,222,230,232,242,240,238,226,242,235,242,241,242,242,242,242,242,242,247,241,241,235,271,235,250,241,235,235,257,241,271,259,350,266,305,246,209,195,311,311,512,490,1914,1825,1862,507,1676,1812,1428,1296,29980,29981,29981,29982,29982,29983,29983,29984,29984,29985,29984,29983,29986]} 1. Nf3 Nf6 2. d4 e6 3. e3 b6 4. Bd3 Bb7 5. O-O c5 6. c4 Be7 7. Nc3 cxd4 8. exd4 d5 9. cxd5 Nxd5 10. Ne5 O-O 11. Qg4 Nf6 12. Qh4 Nbd7 {And now ...Nxe5 would win. E14: Queen's Indian: Classical Variation (4 e3)} (12... Ne4 $5 {[%cal Re7h4]} 13. Qh5 Nf6 $11) 13. Rd1 {[#]} g6 $146 ({Predecessor:} 13... Ne4 14. Qh3 Ndf6 15. d5 Nxc3 16. bxc3 Bxd5 17. Bg5 h6 18. Bxh6 gxh6 19. Qxh6 Qc7 20. Qg5+ Kh8 21. Qh4+ {1-0 (21) Jussupow,A (2630)-Beliavsky,A (2690) Austria 1999}) 14. Bh6 Re8 {White is slightly better.} 15. Bb5 Rc8 $2 {[#]} (15... a6 $1 $14 16. Nc6 Bxc6 17. Bxc6 Ra7) 16. Qf4 $1 $18 {aiming for Bxd7.} Rc7 17. Bxd7 Rxd7 18. Nxd7 Qxd7 19. Qe5 Qd8 20. Bg5 Nd5 21. Bxe7 Rxe7 22. Nxd5 Qxd5 23. Qxd5 Bxd5 {[%mdl 4096] Endgame KRR-KRB} 24. a3 b5 25. Rac1 a5 26. Rc8+ Kg7 27. Rb8 Bc4 28. f3 Rd7 29. Kf2 Rd5 30. Rc8 a4 31. Rc5 Rd7 32. Ke3 Rb7 33. Rc1 Kf6 34. Kd2 Bd5 35. Kc3 Ke7 36. Kb4 Bc4 37. Re1 Kd6 38. h4 f6 39. g4 h6 40. Re3 g5 41. h5 Rb8 42. Rc3 Kd7 (42... Ra8 $142 43. Re3 Rb8) 43. f4 Be2 $2 (43... gxf4 {was called for.} 44. Rf3 Rb7 45. Rxf4 Ke7) 44. fxg5 hxg5 (44... fxg5 $142 45. Rc7+ Kd6) 45. Rc7+ Kd6 46. R3c6+ Kd5 47. Rc8 Rxc8 48. Rxc8 Bxg4 {KR-KB} 49. h6 {White mates.} Bf5 50. Rc5+ Kxd4 {[#]} 51. Rxf5 $1 {[%mdl 576] Promotion} exf5 52. h7 f4 53. h8=Q Ke5 54. Kc3 Kd5 {Accuracy: White = 82%, Black = 33%.} 1-0

[Event "23rd Alekhine Master 2019"]
[Site "Voronezh"]
[Date "2019.06.21"]
[Round "9.6"]
[White "Korchmar, Vasiliy"]
[Black "Rozum, Ivan"]
[Result "0-1"]
[WhiteElo "2419"]
[BlackElo "2572"]
[Annotator "TA"]
[PlyCount "102"]
[EventDate "2019.06.12"]
[EventType "swiss"]
[EventCountry "RUS"]
[SourceTitle "playchess.com"]
[Source "ChessBase"]
[SourceQuality "1"]

{[%evp 19,102,0,0,0,0,-5,4,0,7,0,0,-52,0,0,0,-30,0,-49,-20,-53,-40,-59,-55,-52,-50,-22,-13,-6,-12,-13,-17,-25,-24,-15,-9,-10,0,-21,-25,-241,-237,-212,-131,-137,-37,-40,-31,-59,0,0,0,0,56,0,0,-39,-39,-56,-56,-96,-93,-237,-222,-497,-497,-490,-490,-483,-483,-458,-458,-426,-418,-412,-404,-592,-592,-29989,-29989,-29989,-29990,-29976,-29977,-29970,-6186]} 1. d4 Nf6 2. c4 e6 3. g3 d5 4. Bg2 Bb4+ 5. Nd2 O-O 6. Ngf3 b6 7. O-O Bb7 8. Ne5 Bd6 9. Ndf3 c5 10. cxd5 exd5 11. b3 {E16: Queen's Indian: 4 g3 Bb7 5 Bg2 Bb4+} Na6 12. Bb2 Rc8 13. Rc1 {[#] The position is equal.} Re8 $146 ({Predecessor:} 13... Rc7 14. Re1 Re8 15. Nd3 c4 16. bxc4 dxc4 17. Nde5 Qc8 18. Ng5 Bxg2 19. Kxg2 {½-½ (55) Ehlvest,J (2615)-Timman,J (2620) Manila 1992}) 14. e3 Ne4 15. Nd2 (15. dxc5 $11 bxc5 16. Ng4) 15... Nf6 (15... cxd4 $15 16. Nxe4 Rxc1 17. Qxc1 dxe4 18. exd4 Nb4) 16. Ndf3 $11 Rc7 17. Re1 Ne4 18. Nd2 cxd4 19. exd4 {[%cal Rd2e4]} Bb4 20. Rxc7 Nxc7 {[%cal Ba6c7,Bc7b5,Bb5c3,Bc3e2][%mdl 32]} 21. Nef3 Nb5 22. Re3 Nxd2 23. Rxe8+ $1 Qxe8 24. Nxd2 Bc3 25. Bxc3 Nxc3 26. Qa1 Ne2+ 27. Kh1 Qc8 28. Bf3 Nc1 29. Qb2 $2 (29. Bd1 $1 $11 {and White has nothing to worry.}) 29... Nd3 $1 $19 {[%csl LRb2,LRf2][%mdl 64] Double Attack} 30. Qa3 Nxf2+ ({Don't do} 30... Qc3 31. Qe7 $17) 31. Kg1 Ne4 (31... Nh3+ $1 $17 32. Kg2 Ng5 33. Qxa7 Qc2) 32. Bxe4 $1 $15 dxe4 33. Qxa7 b5 (33... e3 $15 34. Nc4 h6 35. Qxb6 Be4) 34. Nf1 $1 $11 h6 $36 {[%mdl 2048] White is under pressure.} 35. Qc5 Qa8 (35... Qd8 $11) 36. a3 (36. Qxb5 $14 Ba6 37. Qa5) 36... Qa5 37. Qe7 Bd5 38. b4 Qa8 $1 39. Ne3 Be6 40. Kf2 (40. Kg2 $17 {was worth a try.}) 40... Qxa3 $19 41. d5 $2 (41. Qe8+ {is the only way for White.} Kh7 42. Qxb5) 41... Qb2+ 42. Kg1 {[#]} Qc1+ $1 43. Nf1 Bh3 {[%csl Gh3][%cal Rc1f1]} 44. Qe8+ Kh7 {[%csl Gh3][%cal Rc1f1]} 45. Qxf7 {[#]} Qb2 $1 {[%csl Gh3][%cal Rb2g2]} 46. Qf2 Qxb4 47. Nd2 (47. g4 {keeps fighting.} Bxg4 48. Qe3) 47... Qc3 {Hoping for ...b4.} 48. Qe1 Qd4+ {Black mates.} 49. Kh1 e3 50. Nf3 Qxd5 51. Qxe3 Bg4 {Accuracy: White = 39%, Black = 51%.} 0-1

[Event "23rd Alekhine Master 2019"]
[Site "Voronezh"]
[Date "2019.06.21"]
[Round "9.8"]
[White "Rios, Cristhian Camilo"]
[Black "Golubov, Saveliy"]
[Result "1/2-1/2"]
[WhiteElo "2513"]
[BlackElo "2460"]
[Annotator "TA"]
[PlyCount "179"]
[EventDate "2019.06.12"]
[EventType "swiss"]
[EventCountry "RUS"]
[SourceTitle "playchess.com"]
[Source "ChessBase"]
[SourceQuality "1"]

{[%evp 14,179,51,39,47,13,19,29,53,-10,0,-9,32,51,51,17,57,0,81,86,127,153,146,66,41,26,31,34,41,2,64,53,49,52,50,12,31,15,31,14,17,14,145,33,65,73,71,89,102,67,102,63,61,40,92,60,54,56,79,78,78,33,67,67,67,68,69,74,75,72,78,74,77,78,126,120,119,110,125,131,118,125,136,131,139,131,110,113,132,100,100,100,100,100,100,100,140,92,100,100,100,100,100,100,100,85,100,100,100,100,100,100,100,100,100,92,100,80,92,92,98,67,79,67,79,0,79,79,79,79,79,79,79,79,80,0,0,0,0,0,0,0,0,0,0,0,8,8,8,0,0,0,8,0,0,0,0,0,0,0,0,0,0,0,0,0,0,0]} 1. d4 Nf6 2. c4 g6 3. Nc3 Bg7 4. e4 d6 5. Bg5 O-O 6. Qd2 c5 7. d5 e6 8. Bd3 exd5 {E70: King's Indian: Miscellaneous lines with 4 e4, including 5 Nge2 and 5 Bd3 0-0 6 Nge2} 9. cxd5 a6 10. a4 Nbd7 {[%cal Bb8d7,Bd7c5,Bc5d3][%mdl 32] White has an edge.} (10... Qa5 11. Nge2 b5 12. O-O b4 13. Nd1 c4 14. Bb1 Nbd7 15. Bh6 Nc5 16. Bxg7 Kxg7 {0-1 (42) Andreikin,D (2712)-Morozevich,A (2656) Cheliabinsk 2018}) 11. Nge2 ({White should play} 11. Nf3 $14) 11... Qc7 12. O-O c4 13. Bc2 Re8 14. Kh1 Nc5 {[%cal Rc5e4]} 15. Ng3 (15. f3 $14) 15... Re5 $146 (15... Ng4 $11) ({Predecessor:} 15... Bd7 16. f4 {1-0 (41) Bricard,E (2450)-Collas,D (2355) France 1998}) 16. Bh4 $16 Bd7 17. f4 $1 {[%cal Rf4e5]} Ree8 18. Rae1 (18. f5 $16 Ng4 19. h3 (19. fxg6 fxg6 20. h3 Ne5 $17)) 18... Qb6 $1 $14 {[%cal Rb6b2]} 19. Qc1 Nd3 20. Bxd3 $1 cxd3 21. Qd2 Qd4 (21... Rac8 $11) 22. Rf3 b5 23. Rxd3 Qb6 24. axb5 axb5 25. h3 {Black should prevent b4.} b4 26. Nd1 Bb5 27. Rb3 Bc4 (27... Ra4 $11) 28. Qxb4 (28. Rxb4 $16 Qa5 29. Bxf6 Bxf6 30. Ne3) 28... Qxb4 29. Rxb4 Bxd5 30. Nc3 $1 {And now Bxf6 would win.} Be6 31. Rd1 Rec8 32. Nge2 Ne8 33. Bf2 Nc7 (33... Bc4 $14) 34. Bd4 Bf8 35. Rb6 d5 36. e5 h5 37. Rc6 (37. Kh2 {is interesting.} Rcb8 38. Be3 Be7 39. Bg1 Kg7 40. Kg3) 37... Na6 38. Rxc8 Rxc8 39. Be3 Nb4 40. Nd4 Ra8 41. Kg1 Bd7 42. Kf2 Be7 43. Kf3 Ra6 44. g4 hxg4+ 45. hxg4 f6 46. e6 Bxe6 47. Nxe6 Rxe6 48. Nxd5 Nxd5 49. Rxd5 $16 {[%mdl 4096] Endgame KRB-KRB} Kf7 50. Rb5 Rc6 51. Rb7 f5 52. g5 Ke6 53. b4 Rc3 {[#]} 54. Ke2 $1 Rb3 55. Bd2 Bd6 56. Rg7 Rb2 {aiming for ...Bxf4.} 57. Rxg6+ Kd5 {[#] Hoping for ...Bxf4.} 58. Kd3 $1 {Strongly threatening Rf6.} Bxb4 59. Be3 Rb3+ 60. Ke2 Bc3 61. Ra6 Bg7 62. Ra5+ Ke4 63. Ra4+ Kd5 64. Bf2 Rc3 65. Kf1 Rb3 66. Kg2 Bc3 67. g6 Rb2 68. Kg3 Rb3 69. Kg2 Rb2 70. Kf3 Rb3 71. Be3 Rb8 72. Ra6 Re8 73. Ra3 Kc4 74. Ra4+ (74. Ra7 $16) 74... Kd3 $1 $11 {The position is equal.} 75. Bf2 Re6 76. g7 Bxg7 77. Ra5 Rf6 $1 78. Rd5+ Kc4 79. Rd4+ Kb5 80. Rd7 Bf8 81. Rb7+ Kc4 82. Bh4 Ra6 83. Bg5 Ra3+ 84. Kg2 Bd6 85. Rf7 Ra5 86. Kg3 Rd5 87. Kf3 Rd3+ 88. Ke2 Rd5 89. Kf3 Rd3+ 90. Ke2 {Accuracy: White = 56%, Black = 61%.} 1/2-1/2